TH-SOF-0878-MULTI-DOMAIN MODELING OF PAN TILT PLATFORM WITH MECHANICAL IMPERFECTIONS (Record no. 593080)
[ view plain ]
| 000 -LEADER | |
|---|---|
| fixed length control field | 00405nam a22001337a 4500 |
| 040 ## - CATALOGING SOURCE | |
| Transcribing agency | NUST |
| 082 ## - DEWEY DECIMAL CLASSIFICATION NUMBER | |
| Classification number | 200 THE |
| 100 ## - MAIN ENTRY--PERSONAL NAME | |
| Personal name | MUHAMMAD HAIDER |
| 9 (RLIN) | 108269 |
| 110 ## - MAIN ENTRY--CORPORATE NAME | |
| Corporate name or jurisdiction name as entry element | DR SYED WAHEED UL HAQ |
| 9 (RLIN) | 108270 |
| 245 ## - TITLE STATEMENT | |
| Title | TH-SOF-0878-MULTI-DOMAIN MODELING OF PAN TILT PLATFORM WITH MECHANICAL IMPERFECTIONS |
| 260 ## - PUBLICATION, DISTRIBUTION, ETC. | |
| Place of publication, distribution, etc. | ISLAMABAD: |
| Name of publisher, distributor, etc. | NUST COLLEGE OF EME, |
| Date of publication, distribution, etc. | 2022. |
| 650 ## - SUBJECT ADDED ENTRY--TOPICAL TERM | |
| Topical term or geographic name entry element | MS-MECH-60 |
| 9 (RLIN) | 91329 |
| 942 ## - ADDED ENTRY ELEMENTS (KOHA) | |
| Source of classification or shelving scheme | |
| Koha item type | Thesis |
| Withdrawn status | Lost status | Source of classification or shelving scheme | Damaged status | Not for loan | Permanent Location | Current Location | Date acquired | Total Checkouts | Full call number | Barcode | Date last seen | Price effective from | Koha item type |
|---|---|---|---|---|---|---|---|---|---|---|---|---|---|
| College of Electrical & Mechanical Engineering (CEME) | College of Electrical & Mechanical Engineering (CEME) | 01/31/2023 | 200 THE | TH-SOF-0878 | 01/31/2023 | 01/31/2023 | Thesis |
